[Event "GER OS-069 email"]
[Site "GER email"]
[Date "2008.01.10"]
[Round "?"]
[White "Kulawik, Christian"]
[Black "Diele, Ralf"]
[Result "0-1"]
[WhiteElo "1665"]
[BlackElo "2453"]
[PlyCount "54"]
[EventDate "2008.??.??"]
[EventType "tourn (corr)"]
[EventRounds "6"]
[EventCountry "GER"]
[SourceTitle "Corr 2011"]
[Source "ChessBase"]
[SourceDate "2010.08.31"]
[SourceVersion "1"]
[SourceVersionDate "2010.08.31"]
[SourceQuality "1"]

1. e4 e5 2. Nc3 Nf6 3. Bc4 Nc6 4. d3 Na5 5. b3 a6 6. d4 Bb4 7. Qf3 exd4 8. Nge2 Nxc4 9. bxc4 Qe7 10. Bd2 dxc3 11. Nxc3 Bxc3 12. Bxc3 Qxe4+ 13. Qxe4+ Nxe4 14. Bxg7 Rg8 15. Be5 Rxg2 16. Bxc7 d6 17. 0-0-0 Be6 18. Bb6 Rc8 19. f3 Rxc4 20. fxe4 Rcxc2+ 21. Kb1 Rb2+ 22. Ka1 Rxa2+ 23. Kb1 Rgb2+ 24. Kc1 Rc2+ 25. Kb1 Rab2+ 26. Ka1 Rxb6 27. Rhg1 Ra2# 0-1

[Event "GER OS-069 email"]
[Site "GER email"]
[Date "2008.01.10"]
[Round "?"]
[White "Kulawik, Christian"]
[Black "Seiler, Werner"]
[Result "0-1"]
[WhiteElo "1665"]
[BlackElo "2352"]
[PlyCount "54"]
[EventDate "2008.??.??"]
[EventType "tourn (corr)"]
[EventRounds "6"]
[EventCountry "GER"]
[SourceTitle "Corr 2011"]
[Source "ChessBase"]
[SourceDate "2010.08.31"]
[SourceVersion "1"]
[SourceVersionDate "2010.08.31"]
[SourceQuality "1"]

1. e4 e5 2. Nf3 Nf6 3. Bc4 Nxe4 4. 0-0 d5 5. Bb3 Nc6 6. d3 Nc5 7. d4 exd4 8. Nxd4 Nxd4 9. Qxd4 c6 10. Re1+ Ne6 11. Qd3 Be7 12. Nc3 a5 13. a4 Nc5 14. Qe2 Be6 15. Rd1 Nxb3 16. cxb3 0-0 17. Ne4 Qc7 18. Ng5 Bf5 19. g3 Rfe8 20. Bf4 Qd7 21. Nf3 Bf6 22. Qd2 Bg4 23. Qd3 Bxb2 24. Ra2 Bf6 25. Rdd2 g5 26. Bxg5 Bxf3 27. Bxf6 Re1+ 0-1

[Event "GER OS-069 email"]
[Site "GER email"]
[Date "2008.01.10"]
[Round "?"]
[White "Noack, Thomas"]
[Black "Kulawik, Christian"]
[Result "1-0"]
[WhiteElo "2004"]
[BlackElo "1665"]
[PlyCount "57"]
[EventDate "2008.??.??"]
[EventType "tourn (corr)"]
[EventRounds "6"]
[EventCountry "GER"]
[SourceTitle "Corr 2011"]
[Source "ChessBase"]
[SourceDate "2010.08.31"]
[SourceVersion "1"]
[SourceVersionDate "2010.08.31"]
[SourceQuality "1"]

1. e4 e5 2. Nf3 Nc6 3. Nc3 Bc5 4. Nxe5 Nxe5 5. d4 Bxd4 6. Qxd4 d6 7. f4 c5 8. Bb5+ Nc6 9. Qxg7 Qf6 10. Qxf6 Nxf6 11. Nd5 Nxd5 12. exd5 Bd7 13. dxc6 bxc6 14. Be2 0-0-0 15. 0-0 f5 16. Bf3 Rhg8 17. Bd2 d5 18. Rae1 c4 19. Re7 h6 20. Rfe1 a6 21. Rh7 Rg6 22. Ree7 Kb7 23. Rxd7+ Rxd7 24. Rxd7+ Kb6 25. a4 Kc5 26. c3 Kb6 27. Be3+ Ka5 28. Bd1 c5 29. Bxc5 1-0